000 00226nam a22000857a 4500
008 160715b xxu||||| |||| 00| 0 eng d
100 _92916
_a Venter, F
245 _aMan from Cyrene
260 _aPhiladelphia
_b Muhlenberg Press
_c1962
999 _c2481
_d2481